Sahel, Nordeste, Amazonie: politiques d'amenagement en milieux fragiles
Uloženo v:
| Hlavní autoři: | , , , , , , , , , , |
|---|---|
| Korporativní autor: | |
| Médium: | Kniha |
| Jazyk: | francouzština |
| Vydáno: |
París
UNESCO-L'Harmattan
1991
|
| Témata: | |
| Tagy: |
Přidat tag
Žádné tagy, Buďte první, kdo vytvoří štítek k tomuto záznamu!
|
MARC
| LEADER | 00000nam a2200000 a 4500 | ||
|---|---|---|---|
| 001 | UCY2477 | ||
| 003 | CL-VaPUC | ||
| 008 | 941027e19910000FR |||||||||||||||||fre|d | ||
| 082 | 0 | 4 | |a 304.209 |b GAL |2 21 |
| 100 | 0 | |a Gallais, Jean |e author |9 330510 | |
| 700 | 0 | |a Sidikou, Hamidou |e author |9 330511 | |
| 700 | 0 | |a Lena, Philippe |e author |9 330512 | |
| 700 | 0 | |a Bahri, Sylvia |e author |9 330513 | |
| 700 | 0 | |a Grenand, Pierre |e author |9 330514 | |
| 700 | 0 | |a Grenand, Francoise |e author |9 330515 | |
| 700 | 0 | |a Guillaumet, Jean-Louis |e author |9 330516 | |
| 700 | 0 | |a Lourd, Maurice |e author |9 330517 | |
| 700 | 0 | |a Lesourd, Michel |e author |9 330518 | |
| 700 | 0 | |a Brunel, Sylvie |e author |9 330519 | |
| 700 | 0 | |a Cabral, Nelson |e author |9 330520 | |
| 110 | 2 | |a UNESCO |e author |9 330521 | |
| 245 | 1 | 0 | |a Sahel, Nordeste, Amazonie: politiques d'amenagement en milieux fragiles |
| 300 | |a 233 p | ||
| 942 | |c BK | ||
| 945 | |d 19941027 00:00:00 |a mfernand | ||
| 260 | |a París |b UNESCO-L'Harmattan |c 1991 | ||
| 650 | 0 | |a Ecología humana |9 263207 | |
| 650 | 0 | |a Política ambiental |9 262970 | |
| 651 | 7 | |a AMAZONIA |2 CL-VaPUC |9 317804 | |
| 651 | 7 | |a ZAHEL |2 CL-VaPUC |9 330522 | |
| 651 | 0 | |a Brasil |9 267393 | |
| 583 | |a last modification |c 20180611 12:57:25 |k Rodrigo Vera | ||
| 999 | |c 230877 |d 230875 | ||
| 952 | |0 0 |1 0 |4 0 |6 304_209000000000000_GAL_1991 |7 0 |8 CCM |9 233497 |a BIBCUR |b BIBCUR |d 2019-11-15 |i 3029964 |o 304.209 GAL 1991 |p 3029964 |r 2025-04-22 |w 2019-11-15 |y BK |k CIM | ||